Vývojové tendencie v oblasti potravín - používanie geneticky modifikovaných organizmov v potravinárstve diplomová práca

Gespeichert in:
Bibliographische Detailangaben
1. Verfasser: Tencerová, Alica
Körperschaft: Obchodná fakulta EU. Katedra tovaroznalectva a kvality tovaru
Weitere Verfasser: Lacková, Alica
Format: Buch
Sprache:Slowakisch
Veröffentlicht: Bratislava 2012
Tags: Tag hinzufügen
Keine Tags, Fügen Sie das erste Tag hinzu!

MARC

LEADER 00000nbm a2200000 4500
001 0158980
005 20161109102221.6
041 0 |a slo 
044 |a SK 
245 1 0 |a Vývojové tendencie v oblasti potravín - používanie geneticky modifikovaných organizmov v potravinárstve  |b diplomová práca  |c Alica Tencerová ; školiteľ: Alica Lacková 
264 1 |a Bratislava  |c 2012 
300 |a 66 s. 
100 1 |a Tencerová, Alica 
700 1 |a Lacková, Alica 
710 2 |a Obchodná fakulta EU. Katedra tovaroznalectva a kvality tovaru